000 00848nam a2200253Ia 4500
003 OSt
005 20220923222005.0
006 a|||||r|||| 00| 0
007 ta
008 220922b |||||||| |||| 00| 0 hin d
024 _a201,533
037 _cTextual
040 _aARTS
_cARTS
_bhin
041 _2hin
_ahin
082 _aV2:73:D5, 152J4;L2
100 _aअलतेकर, अनन्त सदाशिव
245 0 _aगुप्तकालिन मुद्राएं
246 _aGuptakālin mudrāean
250 _aसंस्क0 2
260 _aपटना
_b बिहार राष्ट्र्भाषा परिषद
_c1972
300 _a335पृ.
_ccm.
942 _hV2:73:D5, 152J4;L2
_cTEXL
_2CC
999 _c353186
_d353186